000
00189 a2200097 4500
020
_a
9780545499064
041
_a
spa
100
_a
Bruel, Nick
245
_a
Minina mala se baą
942
_c
BK
999
_c
30124
_d
30122